Κατάλογος Βιβλιοθηκών Mediterranean College

Μέθοδοι Έρευνας στην Ειδική Αγωγή / Θεωρία και Εφαρμογές (Record no. 8164)

MARC details
000 -LEADER
fixed length control field 01573cam a22002054a 4500
005 - ΗΜΕΡΟΜΗΝΙΑ ΚΑΙ ΩΡΑ ΤΕΛΕΥΤΑΙΑΣ ΕΝΗΜΕΡΩΣΗΣ
Πεδίο ελέγχου 20250605164328.0
008 - FIXED-LENGTH DATA ELEMENTS--GENERAL INFORMATION
Πεδίο ελέγχου σταθερού μήκους 250528s ||||||||||||||||||||||||d
035 ## - SYSTEM CONTROL NUMBER
System control number 23134
020 ## - ISBN
ISBN 9600220026
040 ## - ΠΗΓΗ ΚΑΤΑΛΟΓΟΓΡΑΦΗΣΗΣ
Φορέας πρωτότυπης καταλογογράφησης MC Athens Campus Library
Γλώσσα καταλογογράφησης Ελληνικά, Μοντέρνα (1453-)
Modifying agency MC Athens Campus Library
Κανόνες περιγραφικής καταλογογράφησης AACR2
245 1# - ΤΙΤΛΟΣ ΚΑΙ ΔΗΛΩΣΗ ΥΠΕΥΘΥΝΟΤΗΤΑΣ
Τίτλος Μέθοδοι Έρευνας στην Ειδική Αγωγή / Θεωρία και Εφαρμογές
260 ## - PUBLICATION, DISTRIBUTION, ETC.
Name of publisher, distributor, etc. Παπαζήση,
Date of publication, distribution, etc. 2006
300 ## - PHYSICAL DESCRIPTION
Extent 406
520 ## - SUMMARY, ETC.
Summary, etc. Εισαγωγή, Τα Κυριότερα Ερευνητικά Παραδείγματα στις Κοινωνικές Επιστήμες, Εφαρμογές των Κύριων Επιστημιονικών Παραδειγμάτων στον Τομέα της Ειδικής Αγωγής, Η Επισκόπηση της Βιβλιογραφίας: Σκοποί και Διαδικασίες, Η Δημιουργία Ερευνητικού Πλάνου και Σχεδίου, Δημοσκοπήσεις, Πειραματικές Έρευνες, Συνεντεύξεις, Παρατηρήσεις, Ανάλυση Γραπτών Πηγών και Ντοκουμέντων, Μελέτες Περίπτωσης ή Περιπτώσεων, Η Συγγραφή μιας Ερευνητικής Εισήγησης (Πρότασης), Η Συγγραφή μιας Ολοκληρωμένης Έρευνας, Ξένη και Ελληνική Βιβλιογραφία, Γλωσσάριο.
700 1# - ΠΡΟΣΘΕΤΗ ΑΝΑΓΡΑΦΗ--ΦΥΣΙΚΟ ΠΡΟΣΩΠΟ
Personal name Αβραμίδης Ηλίας
9 (RLIN) 8699
700 1# - ΠΡΟΣΘΕΤΗ ΑΝΑΓΡΑΦΗ--ΦΥΣΙΚΟ ΠΡΟΣΩΠΟ
Personal name Καλύβα Ευφροσύνη
9 (RLIN) 8700
942 ## - ADDED ENTRY ELEMENTS (KOHA)
Koha item type Books
Holdings
Τύπος τεκμηρίου Βιβλιοθήκη Τρέχουσα τοποθεσία Barcode Αριθμός εισαγωγής Ημερομηνία απόκτησης Ταξιθετικό σύμβολο Αριθμός αντιτύπου Κατάσταση απόσυρσης Κατάσταση χαμένου Κατάσταση κατεστραμμένου Μη δανεισμός Σύνολο δανεισμών Ημερομηνία τελευταίας εμφάνισης Η τιμή ισχύει από
Books MC Athens Campus Library MC Athens Campus Library 9780000081636 7634 05/06/2025 371.9 ABR 1           05/06/2025 05/06/2025

MC Athens Campus Library
Πατησίων 94 & Κοδριγκτώνος 13, 104 34
Πελλήνης 8 & Πατησίων 107, 112 51
Τ: +30 210 8899600

MC Thessaloniki Campus Library
Ίωνος Δραγούμη 21, 54625 | Ίωνος Δραγούμη 15, 54625
Τ: +30 2310 287779 – Τ: +30 2314 440300